LEADER 00848nam0-22003011i-450- 001 990006496380403321 005 20001010 035 $a000649638 035 $aFED01000649638 035 $a(Aleph)000649638FED01 035 $a000649638 100 $a20001010d--------km-y0itay50------ba 101 0 $aita 105 $ay-------001yy 200 1 $aWestern Sahara$ea comprehensive bibliography$fLynn F. Sipe 210 $aNew York-London$cGarland Publ. Inc.$d1984. 215 $aXXXIV, 418 p.$d21 cm 225 1 $aGarland reference library of social science$v178 676 $a016.964 700 1$aSipe,$bLynn F.$0244649 801 0$aIT$bUNINA$gRICA$2UNIMARC 901 $aBK 912 $a990006496380403321 952 $aCOLLEZ. 1103 (178)$b234$fFSPBC 959 $aFSPBC 996 $aWestern Sahara$9654340 997 $aUNINA DB $aGEN01 LEADER 01247nam 2200373 450 001 9910709780003321 005 20180619140938.0 035 $a(CKB)5470000002472444 035 $a(OCoLC)1041122658 035 $a(EXLCZ)995470000002472444 100 $a20180619d2014 ua 0 101 0 $aeng 135 $aurmn||||||||| 181 $ctxt$2rdacontent 182 $cc$2rdamedia 183 $acr$2rdacarrier 200 00$aATSDR toxzine$iArsenic 210 1$a[Atlanta, Ga.] :$cU.S. Department of Health and Human Services, Agency for Toxic Substances and Disease Registry,$d[2014] 215 $a1 online resource (17 pages) $ccolor illustrations 517 3 $aAgency for Toxic Substances and Disease Registry toxzine. 517 3 $aArsenic 606 $aArsenic$xHealth aspects$zUnited States 606 $aArsenic$xEnvironmental aspects$zUnited States 606 $aArsenic$xToxicology 615 0$aArsenic$xHealth aspects 615 0$aArsenic$xEnvironmental aspects 615 0$aArsenic$xToxicology. 712 02$aUnited States.$bAgency for Toxic Substances and Disease Registry, 801 0$bGPO 801 1$bGPO 906 $aBOOK 912 $a9910709780003321 996 $aATSDR toxzine$93447964 997 $aUNINA